Loading...
| Current Events | 7 | 20.00 | 100% | 86% | 14% |
| Fine Arts - Classical Music | 4 | 15.00 | 100% | 50% | 0% |
| Fine Arts - Other | 6 | 10.00 | 83% | 17% | 0% |
| Fine Arts - Painting and Sculpture | 4 | 5.00 | 50% | 0% | 0% |
| Geography | 1 | 20.00 | 100% | 100% | 0% |
| History - American | 5 | 12.00 | 100% | 20% | 0% |
| History - European | 2 | 15.00 | 100% | 50% | 0% |
| History - Other | 2 | 10.00 | 100% | 0% | 0% |
| History - World | 8 | 11.25 | 75% | 38% | 0% |
| Literature - Drama | 2 | 15.00 | 100% | 50% | 0% |
| Literature - Long Fiction | 5 | 12.00 | 100% | 20% | 0% |
| Literature - Misc | 2 | 10.00 | 100% | 0% | 0% |
| Literature - Poetry | 5 | 14.00 | 100% | 40% | 0% |
| Literature - Short Fiction | 1 | 10.00 | 100% | 0% | 0% |
| Mythology | 6 | 15.00 | 83% | 33% | 33% |
| Other Academic | 4 | 15.00 | 100% | 50% | 0% |
| Philosophy | 3 | 3.33 | 33% | 0% | 0% |
| Religion | 2 | 25.00 | 100% | 100% | 50% |
| Science - Biology | 5 | 8.00 | 80% | 0% | 0% |
| Science - Chemistry | 2 | 10.00 | 100% | 0% | 0% |
| Science - Other | 4 | 12.50 | 75% | 25% | 25% |
| Science - Physics | 4 | 10.00 | 75% | 25% | 0% |
| Short Fiction and Other | 1 | 10.00 | 100% | 0% | 0% |
| Social Science | 3 | 10.00 | 67% | 33% | 0% |